Đang tải...

HISTORY OF THE TAMILS: FROM THE EARLIEST TIMES TO 600 AD

Chi tiết về thư mục
Tác giả chính: SRINIVASA IYENGAR P T
Định dạng: Printed Book
Được phát hành: NEWDELHI ASIAN EDUCATIONAL 2001
Những chủ đề:
LEADER 00696nam a2200229 4500
020 |c 795.0 
082 |a 954.82 SRI 
100 |a SRINIVASA IYENGAR P T 
245 |a HISTORY OF THE TAMILS: FROM THE EARLIEST TIMES TO 600 AD  |h ENGLISH 
250
260 |a NEWDELHI  |b ASIAN EDUCATIONAL  |c 2001 
300 |a 635 p  |f HB 
500 |a   
501 |a General 
538
590
630 |a HISTORY 
650 |a HISTORY OF THE TAMILS-- FROM THE EARLIEST TIMES TO 600 AD 
700
942 |c BK 
999 |c 177938  |d 177938 
952 |0 0  |1 0  |4 0  |6 954_820000000000000_SRI  |7 0  |9 191302  |a AGY  |b AGY  |g 795.00  |l 0  |o 954.82 SRI  |p AGY2147  |r 2019-10-25  |w 2019-10-25  |y BK